000 00365cam a2200157ua 4500
003 OSt
008 250108b |||||||| |||| 00| 0 eng d
041 _aeng
082 _a690
_bRAN/BU
100 _aRangwala, S C.
245 _aBuilding construction /
250 _a10 /
260 _aIndia :
_bCharotar publishing house ,
_c1985.
300 _a750 ; .
942 _cBK
999 _c63
_d63